000 00304nam a2200121Ia 4500
005 20251222144641.0
008 251222s9999||||xx |||||||||||||| ||spa||
082 _a519.5/G2
100 _aGarayar Pacheco, Gregorio
245 0 _aLecciones de Matemáticas Financieras
264 _bJurídica
942 _cLIB
999 _c16700
_d16700